000 00682nam a2200205 a 4500
001 000009977
005 20240412074214.0
008 091002s2003 dr r 001 0 spa d
040 _aDO-SdBNP
_bspa
_cBNPHU
082 _aRD861.44
_bM516a
100 1 _aMejía Vásquez, Norberto,
_d1964-
_924923
245 1 3 _aLa amiga desconocida /
_cNorberto Mejía Vásquez.
260 _aSanto Domingo :
_bPuente azul,
_c2003.
300 _a98 p. ;
_c22 cm.
500 _aIncluye datos biográficos del autor en la contracubierta
590 _aInventariado, 2018/BT
650 0 _aPoesía dominicana
_966
650 0 _aLiteratura dominicana.
_967
910 _aValidado. Control de calidad. MMOLINA
999 _c9736
_d9736